<?xml version="1.0" encoding="UTF-8"?>
<record
    xmlns:xsi="http://www.w3.org/2001/XMLSchema-instance"
    xsi:schemaLocation="http://www.loc.gov/MARC21/slim http://www.loc.gov/standards/marcxml/schema/MARC21slim.xsd"
    xmlns="http://www.loc.gov/MARC21/slim">

  <leader>01118nam a2200253 i 4500</leader>
  <controlfield tag="001">187628</controlfield>
  <controlfield tag="003">ES-MaACL</controlfield>
  <controlfield tag="005">20240129115703.0</controlfield>
  <controlfield tag="008">171211s2017    mx a         |||| | spa d</controlfield>
  <datafield tag="020" ind1=" " ind2=" ">
    <subfield code="a">978-84-617-7060-1</subfield>
  </datafield>
  <datafield tag="130" ind1="0" ind2=" ">
    <subfield code="a">Poema del Cid.</subfield>
    <subfield code="9">123904</subfield>
  </datafield>
  <datafield tag="245" ind1="1" ind2="0">
    <subfield code="a">Hystoria del muy valeroso Cavallero, el Cid Ruy- Diaz de Biuar </subfield>
    <subfield code="b">: en romances: en lenguage antiguo / recopilados por Iuan de Escobar ...; pre&#xE1;mbulo, Jos&#xE9; J. Labrador Herr&#xE1;iz ; pr&#xF3;logo e introducci&#xF3;n Arthur Lee-Francis Askins.</subfield>
  </datafield>
  <datafield tag="260" ind1=" " ind2=" ">
    <subfield code="a">M&#xE9;xico D.F. : </subfield>
    <subfield code="b">Frente de afirmaci&#xF3;n hispanista, A.C., </subfield>
    <subfield code="c">2017.</subfield>
  </datafield>
  <datafield tag="300" ind1=" " ind2=" ">
    <subfield code="a">398 p. : </subfield>
    <subfield code="b">il. ; </subfield>
    <subfield code="c">21 cm.</subfield>
  </datafield>
  <datafield tag="534" ind1=" " ind2=" ">
    <subfield code="p">Reproducci&#xF3;n de la edici&#xF3;n de: </subfield>
    <subfield code="c">Lisboa,1605.</subfield>
  </datafield>
  <datafield tag="650" ind1="0" ind2="4">
    <subfield code="a">Romances-</subfield>
    <subfield code="z">Espa&#xF1;a.</subfield>
    <subfield code="9">16935</subfield>
  </datafield>
  <datafield tag="700" ind1="1" ind2=" ">
    <subfield code="a">Escobar, Juan de.</subfield>
    <subfield code="9">47553</subfield>
  </datafield>
  <datafield tag="700" ind1="1" ind2=" ">
    <subfield code="a">Labrador Herraiz, Jos&#xE9; J.</subfield>
    <subfield code="9">69288</subfield>
  </datafield>
  <datafield tag="700" ind1="0" ind2=" ">
    <subfield code="a">Askins, Arthur Lee-Francis.</subfield>
    <subfield code="9">23626</subfield>
  </datafield>
  <datafield tag="852" ind1=" " ind2=" ">
    <subfield code="a">ES-MaACL</subfield>
    <subfield code="j">A-14069</subfield>
    <subfield code="9">194714</subfield>
    <subfield code="b">R.151730</subfield>
    <subfield code="c">DEPO1</subfield>
    <subfield code="d">Olim: N-7069</subfield>
    <subfield code="h">Donaci&#xF3;n: Jos&#xE9; J. Labrador Herraiz</subfield>
  </datafield>
  <datafield tag="903" ind1=" " ind2=" ">
    <subfield code="a">Jos&#xE9; J. Labrador Herraiz</subfield>
    <subfield code="e">dnr</subfield>
  </datafield>
  <datafield tag="942" ind1=" " ind2=" ">
    <subfield code="2">udc</subfield>
    <subfield code="c">MONOGRAFIA</subfield>
  </datafield>
  <datafield tag="999" ind1=" " ind2=" ">
    <subfield code="c">187628</subfield>
    <subfield code="d">187628</subfield>
  </datafield>
  <datafield tag="952" ind1=" " ind2=" ">
    <subfield code="0">0</subfield>
    <subfield code="1">0</subfield>
    <subfield code="2">udc</subfield>
    <subfield code="4">0</subfield>
    <subfield code="7">0</subfield>
    <subfield code="a">ATENEOM</subfield>
    <subfield code="b">ATENEOM</subfield>
    <subfield code="c">DEPO1</subfield>
    <subfield code="d">2017-12-11</subfield>
    <subfield code="e">DONACION</subfield>
    <subfield code="l">0</subfield>
    <subfield code="o">A-14069</subfield>
    <subfield code="p">1198178</subfield>
    <subfield code="r">2023-02-23 00:00:00</subfield>
    <subfield code="w">2023-02-23</subfield>
    <subfield code="y">MONOGRAFIA</subfield>
  </datafield>
</record>
